A Checklist for the Seed Plants of Cambodia. (Registro nro. 20537)

Detalles MARC
000 -CABECERA
Campo de control 00763nam a22002417a 4500
005 - FECHA Y HORA DE LA ULTIMA TRANSACCION
Campo de control 20191030061824.0
008 - ELEMENTOS DE LONGITUD FIJA—INFORMACION GENERAL
Campo de control 191030b xxu||||| |||| 00| 0 spa d
020 ## - ISBN
ISBN 9788968112478
040 ## - FUENTE DE CATALOGACIÓN
Agencia catalogadora original CO-BoIAVH
Agencia transcriptora CO-BoIAVH
041 ## - IDIOMA
Código de idioma para texto/pista de sonido o título separado Inglés
044 ## - PAÍS DE PUBLICACIÓN
País de publicación Corea (Sur)
082 ## - NUMERO DE CLASIFICACION DECIMAL DEWEY
Número de clasificación 333.9516
Número del ítem C45a
100 ## - ASIENTO PRINCIPAL--NOMBRE PERSONAL
Nombre personal Cho, Seong-Hyun
9 (RLIN) 101847
245 ## - MENCION DE TITULO
Título A Checklist for the Seed Plants of Cambodia.
260 ## - PUBLICACION, DISTRIBUCION, ETC. (PIE DE IMPRENTA)
Lugar de publicación, distribución, etc. Incheon:
Nombre del editor, distribuidor, etc. National Institute of Biological Resources,
-- Ministry of Enviroment,
Fecha de publicación, distribución, etc. 2016.
300 ## - DESCRIPCION FISICA
Extensión 272 Páginas:
Dimensiones 26 x 19 cm.
650 #0 - ASIENTO SECUNDARIO DE MATERIA - TERMINO TEMATICO
9 (RLIN) 54
Término temático o nombre geográfico como elemento de entrada Biodiversidad
650 #0 - ASIENTO SECUNDARIO DE MATERIA - TERMINO TEMATICO
9 (RLIN) 96754
Término temático o nombre geográfico como elemento de entrada Listas de vegetación
650 #0 - ASIENTO SECUNDARIO DE MATERIA - TERMINO TEMATICO
9 (RLIN) 101846
Término temático o nombre geográfico como elemento de entrada Taxonomía
Subdivisión de forma plantas
Subdivisión geográfica Cambodia
700 ## - ASIENTO SECUNDARIO - NOMBRE PERSONAL
9 (RLIN) 101845
Nombre personal Chhang, Phourin
700 ## - ASIENTO SECUNDARIO - NOMBRE PERSONAL
9 (RLIN) 101807
Nombre personal Kim, Young-Dong
942 ## - ELEMENTOS ADICIONALES (KOHA)
Sistema de clasificación Dewey Decimal Classification
Tipo de ítem Libro
Existencias
Withdrawn status Lost status Sistema de Clasificación Damaged status No para préstamo Colección Ubicación Permanente Ubicación actual Fecha de adquisición Total Checkouts Número topográfico Inventario / Código de Barras Date last seen Ejemplar Price effective from Forma de adquisición Tipo de material
    Dewey Decimal Classification     General Bogotá Bogotá 30/10/2019   LB-333.9516 C45a 043658 30/10/2019 Ej.1 30/10/2019 Canje Libro